[Event "Olomouc Chess Summer 2013 - Valoz Cup"]
[Site "Olomouc"]
[Date "2013.07.31"]
[Round "1.1"]
[White "Krejci, Jan"]
[Black "Mirzoev, Azer"]
[Result "1/2-1/2"]
[WhiteElo "2521"]
[BlackElo "2536"]
[PlyCount "25"]
[EventDate "2013.??.??"]

1. d4 d5 2. c4 c6 3. Nc3 Nf6 4. e3 Bf5 5. Qb3 Qb6 6. Qxb6 axb6 7. cxd5 Nxd5 8.
Nxd5 cxd5 9. Bd2 Nc6 10. Bb5 Bd7 11. Nf3 e6 12. a3 Bd6 13. Rc1 1/2-1/2

[Event "Olomouc Chess Summer 2013 - Valoz Cup"]
[Site "Olomouc"]
[Date "2013.07.31"]
[Round "1.3"]
[White "Bures, Jaroslav"]
[Black "Simacek, Pavel"]
[Result "1/2-1/2"]
[WhiteElo "2379"]
[BlackElo "2468"]
[PlyCount "86"]
[EventDate "2013.??.??"]

1. e4 e5 2. Nf3 Nc6 3. Nc3 Nf6 4. Bb5 Nd4 5. Nxd4 exd4 6. e5 dxc3 7. exf6 Qxf6
8. dxc3 Qe5+ 9. Qe2 Qxe2+ 10. Bxe2 d6 11. Bf4 Bf5 12. O-O-O O-O-O 13. Rhe1 Be6
14. c4 Be7 15. Bf3 Bf6 16. Bd5 Rhe8 17. f3 h5 18. h3 a6 19. a4 Bh4 20. Bxe6+
Rxe6 21. Rxe6 fxe6 22. b3 Rf8 23. Be3 Rf5 24. Kd2 Kd7 25. Ke2 Bg3 26. Rd4 e5
27. Re4 c6 28. Bf2 Bf4 29. g3 Bg5 30. g4 hxg4 31. hxg4 Rf8 32. c5 Bf4 33. cxd6
Kxd6 34. Rb4 b5 35. axb5 axb5 36. c4 bxc4 37. bxc4 Ra8 38. Rb7 Ra2+ 39. Kf1 g5
40. Rh7 Rc2 41. Rh6+ Kd7 42. Rh7+ Ke6 43. Rh6+ Kd7 1/2-1/2

[Event "Olomouc Chess Summer 2013 - Valoz Cup"]
[Site "Olomouc"]
[Date "2013.07.31"]
[Round "1.4"]
[White "Narayanan, Srinath"]
[Black "Cerveny, Petr"]
[Result "1-0"]
[WhiteElo "2475"]
[BlackElo "2285"]
[PlyCount "119"]
[EventDate "2013.??.??"]

1. e4 e6 2. d4 d5 3. Nd2 dxe4 4. Nxe4 Bd7 5. Nf3 Bc6 6. Bd3 Nd7 7. O-O Ngf6 8.
Ng3 Be7 9. Re1 O-O 10. c3 Bd5 11. c4 Bxf3 12. Qxf3 c6 13. a3 a5 14. b3 Re8 15.
Bb2 Qc7 16. Rac1 Qb6 17. Bb1 Rad8 18. Re2 Nf8 19. h4 Rd7 20. Rce1 Qc7 21. Bd3
Red8 22. Nf1 Rxd4 23. Bxd4 Rxd4 24. h5 Rh4 25. a4 Rxh5 26. Bc2 h6 27. Rd1 g6
28. Qg3 Qb6 29. Qf4 N8h7 30. Re3 e5 31. Qf3 Bc5 32. Ng3 Rh4 33. Rxe5 Bxf2+ 34.
Qxf2 Qxf2+ 35. Kxf2 Ng4+ 36. Ke2 Nxe5 37. Rd8+ Kg7 38. Rb8 Rg4 39. Kf2 Rd4 40.
Ne4 Ng5 41. Ke3 Rd7 42. Nc5 Ng4+ 43. Ke2 Re7+ 44. Kd2 Re3 45. b4 axb4 46. Rxb7
Ra3 47. Rxb4 Ne3 48. Bb3 Nxg2 49. Kc2 Ra1 50. Kb2 Re1 51. a5 Re8 52. a6 Ne6 53.
Nxe6+ fxe6 54. Ba4 Ne1 55. Rb7+ Kf6 56. Bxc6 Nd3+ 57. Kc3 Rc8 58. a7 Ne5 59.
Rb8 Nxc6 60. Rxc8 1-0

[Event "Olomouc Chess Summer 2013 - Valoz Cup"]
[Site "Olomouc"]
[Date "2013.07.31"]
[Round "1.5"]
[White "Simantsev, Mikhail"]
[Black "Akkozov, Berik"]
[Result "1-0"]
[WhiteElo "2473"]
[BlackElo "2377"]
[PlyCount "67"]
[EventDate "2013.??.??"]

1. d4 d5 2. c4 c6 3. Nc3 Nf6 4. e3 a6 5. Nf3 g6 6. Bd3 Bg7 7. O-O O-O 8. h3
dxc4 9. Bxc4 b5 10. Be2 Nbd7 11. Qc2 c5 12. dxc5 Nxc5 13. Nxb5 Qb6 14. Nbd4 Bb7
15. Bd2 Rac8 16. Rfc1 Nfe4 17. Be1 Rfd8 18. b4 Ne6 19. Qb3 Nxd4 20. exd4 Rxd4
21. Rxc8+ Bxc8 22. Rc1 Rd8 23. Qc4 Ng3 24. Bd3 Bb7 25. Ng5 Qf6 26. Nxf7 Bd5 27.
Nxd8 Bxc4 28. Bxc4+ e6 29. fxg3 Qg5 30. Rd1 Be5 31. Nxe6 Qe3+ 32. Kh2 h5 33.
Nf4+ Kg7 34. Rd7+ 1-0

[Event "Olomouc Chess Summer 2013 - Prima Pack "]
[Site "Olomouc"]
[Date "2013.07.31"]
[Round "1.1"]
[White "Dobes, Vojtech"]
[Black "Kubik, Michael"]
[Result "1/2-1/2"]
[WhiteElo "2106"]
[BlackElo "2154"]
[PlyCount "93"]
[EventDate "2013.??.??"]

1. e4 c5 2. Nf3 Nc6 3. d4 cxd4 4. Nxd4 e5 5. Nb5 d6 6. N1c3 a6 7. Na3 Be7 8.
Nc4 b5 9. Ne3 Nf6 10. Bd3 O-O 11. O-O Nb4 12. a3 Nxd3 13. Qxd3 Be6 14. Ncd5
Nxd5 15. Nxd5 Rc8 16. Bd2 Bxd5 17. Qxd5 Rc5 18. Qd3 Qc7 19. a4 Rc4 20. axb5
axb5 21. Be3 Qc6 22. Ra7 Re8 23. c3 Bf8 24. f3 Ra8 25. Rxa8 Qxa8 26. b3 Rc8 27.
c4 bxc4 28. bxc4 Qa2 29. Rc1 Rb8 30. Qf1 Rb2 31. h3 g6 32. Kh1 Re2 33. Re1 Rxe1
34. Qxe1 Qxc4 35. Qd2 f5 36. exf5 gxf5 37. Bh6 Qe6 38. Bxf8 Kxf8 39. Qb4 e4 40.
fxe4 fxe4 41. Kg1 e3 42. Kf1 Kg7 43. Qd4+ Kg6 44. Ke2 Kh5 45. Qxe3 Qxe3+ 46.
Kxe3 Kh4 47. Kf4 1/2-1/2

[Event "Olomouc Chess Summer 2013 - Prima Pack "]
[Site "Olomouc"]
[Date "2013.07.31"]
[Round "1.3"]
[White "Tokmachev, Mikhail"]
[Black "Efroimski, Marsel"]
[Result "1-0"]
[WhiteElo "2356"]
[BlackElo "2297"]
[PlyCount "113"]
[EventDate "2013.??.??"]

1. d4 Nf6 2. c4 g6 3. Nf3 Bg7 4. Nc3 d5 5. e3 O-O 6. cxd5 Nxd5 7. Bc4 Nb6 8.
Bb3 c5 9. O-O cxd4 10. exd4 Nc6 11. d5 Na5 12. Bg5 Nxb3 13. Qxb3 Bg4 14. Rfe1
Bxf3 15. gxf3 Re8 16. Rad1 Qd7 17. Qb4 Qf5 18. Qg4 Nc4 19. Qxf5 gxf5 20. Nb5
Nxb2 21. Rb1 h6 22. Bxe7 Nd3 23. d6 Nxe1 24. Rxe1 Red8 25. Nc7 Rac8 26. Bxd8
Rxd8 27. Re8+ Rxe8 28. Nxe8 Bd4 29. d7 Bb6 30. Nd6 Kf8 31. Nxf5 Bd8 32. Nxh6
Ke7 33. f4 f6 34. h4 Kxd7 35. h5 Ke6 36. f5+ Ke7 37. Ng4 Kf7 38. Kf1 b5 39. Ke2
a5 40. Kd3 a4 41. h6 Be7 42. Ne3 Bc5 43. f3 b4 44. Nd5 Bf8 45. Kc4 b3 46. axb3
axb3 47. h7 b2 48. h8=Q b1=Q 49. Qxf6+ Kg8 50. Qg6+ Kh8 51. Qh5+ Kg7 52. f6+
Kg8 53. Ne7+ Bxe7 54. Qg5+ Kf7 55. Qg7+ Ke6 56. Qxe7+ Kf5 57. Qh7+ 1-0

[Event "Olomouc Chess Summer 2013 - Prima Pack "]
[Site "Olomouc"]
[Date "2013.07.31"]
[Round "1.4"]
[White "Kholopov, Alexander A"]
[Black "Jurek, Josef"]
[Result "1/2-1/2"]
[WhiteElo "2310"]
[BlackElo "2278"]
[PlyCount "38"]
[EventDate "2013.??.??"]

1. d4 Nf6 2. c4 e6 3. Nc3 Bb4 4. Qc2 O-O 5. e4 d5 6. e5 Ne4 7. Bd3 c5 8. Nf3
cxd4 9. Nxd4 f5 10. cxd5 Qxd5 11. Nf3 Nc6 12. O-O Bxc3 13. bxc3 Nxe5 14. Nxe5
Qxe5 15. Bxe4 fxe4 16. Ba3 Rf7 17. Rae1 Bd7 18. Rxe4 Qf5 19. Qe2 Rc8 1/2-1/2

[Event "Olomouc Chess Summer 2013 - Prima Pack "]
[Site "Olomouc"]
[Date "2013.07.31"]
[Round "1.5"]
[White "Wiley, Tom E"]
[Black "Klima, Lukas"]
[Result "1/2-1/2"]
[WhiteElo "2256"]
[BlackElo "2353"]
[PlyCount "69"]
[EventDate "2013.??.??"]

1. d4 Nf6 2. c4 e6 3. Nc3 c5 4. d5 exd5 5. cxd5 d6 6. e4 g6 7. Nge2 Bg7 8. Ng3
O-O 9. Be2 Na6 10. O-O Nc7 11. a4 Re8 12. Bg5 h6 13. Be3 Rb8 14. Qd2 Kh7 15. h3
a6 16. Rab1 b5 17. axb5 axb5 18. b4 cxb4 19. Rxb4 Bd7 20. Rfb1 Na6 21. R4b3 b4
22. Bxa6 bxc3 23. Rxb8 Qxb8 24. Qd3 Qd8 25. Bd4 h5 26. f3 c2 27. Qxc2 Nxe4 28.
Bxg7 Nxg3 29. Ba1 Qg5 30. Qc3 Re5 31. Re1 Rxe1+ 32. Qxe1 Qxd5 33. Qxg3 Qd1+ 34.
Kh2 Qxa1 35. Qxd6 1/2-1/2

[Event "Olomouc Chess Summer 2013 - Valoz Cup"]
[Site "Olomouc"]
[Date "2013.08.02"]
[Round "3.3"]
[White "Narayanan, Srinath"]
[Black "Mammadov, Zaur"]
[Result "1/2-1/2"]
[WhiteElo "2475"]
[BlackElo "2437"]
[PlyCount "97"]
[EventDate "2013.??.??"]

1. e4 e6 2. d4 d5 3. Nd2 dxe4 4. Nxe4 Nd7 5. Nf3 Ngf6 6. Nxf6+ Nxf6 7. Bg5 h6
8. Be3 Nd5 9. Bd2 c5 10. Ne5 a6 11. c3 Be7 12. Qa4+ Bd7 13. Qxd7+ Qxd7 14. Nxd7
Kxd7 15. dxc5 Bxc5 16. g3 Rhd8 17. Bg2 Ke7 18. Ke2 Rd7 19. Rhd1 Rad8 20. Be1
Ke8 21. a3 b5 22. a4 Be7 23. Be4 Rb8 24. axb5 axb5 25. Ra6 f5 26. Bxd5 exd5 27.
Re6 f4 28. g4 b4 29. Re5 bxc3 30. Bxc3 Rbd8 31. Bd4 Kf7 32. Rf5+ Kg6 33. Rxf4
Bd6 34. Rf5 Re8+ 35. Be3 Rb7 36. Kf3 Bxh2 37. Bd4 Rf7 38. Kg2 Bc7 39. Rxd5 Re4
40. f3 Re2+ 41. Kf1 Rh2 42. Rd3 Rh3 43. Kf2 Rh2+ 44. Kg1 Rh3 45. Rc5 Rd7 46.
Rxc7 Rxc7 47. Kg2 Rh4 48. Rc3 Rd7 49. Rc1 1/2-1/2

[Event "Olomouc Chess Summer 2013 - Valoz Cup"]
[Site "Olomouc"]
[Date "2013.08.02"]
[Round "3.4"]
[White "Simantsev, Mikhail"]
[Black "Simacek, Pavel"]
[Result "0-1"]
[WhiteElo "2473"]
[BlackElo "2468"]
[PlyCount "56"]
[EventDate "2013.??.??"]

1. d4 Nf6 2. c4 c5 3. d5 e6 4. Nc3 exd5 5. cxd5 d6 6. Nf3 g6 7. h3 Bg7 8. Bf4
O-O 9. e3 a6 10. a4 Re8 11. Nd2 Nbd7 12. Nc4 Ne4 13. Nxe4 Rxe4 14. Bd3 Rxc4 15.
Bxc4 Bxb2 16. Ra2 Bc3+ 17. Kf1 Nb6 18. Qb3 Bb4 19. Be2 Nxd5 20. Bc4 Nxf4 21.
exf4 Qf6 22. g3 Be6 23. Re2 Re8 24. Qd3 d5 25. Bxd5 Rd8 26. Re5 Ba5 27. Kg2 Bc7
28. Qe4 Qxe5 0-1

[Event "Olomouc Chess Summer 2013 - Valoz Cup"]
[Site "Olomouc"]
[Date "2013.08.02"]
[Round "3.5"]
[White "Akkozov, Berik"]
[Black "Cerveny, Petr"]
[Result "1-0"]
[WhiteElo "2377"]
[BlackElo "2285"]
[PlyCount "119"]
[EventDate "2013.??.??"]

1. c4 e5 2. g3 Nc6 3. Bg2 g6 4. Nc3 Bg7 5. d3 d6 6. e4 h5 7. Be3 h4 8. gxh4 Bh6
9. Qd2 Bxe3 10. Qxe3 Nd4 11. O-O-O Rxh4 12. Kb1 Nf6 13. Nge2 Nxe2 14. Nxe2 Nh5
15. d4 Qe7 16. dxe5 dxe5 17. Qh6 Qf6 18. Qd2 Nf4 19. Nxf4 Rxf4 20. f3 Rh4 21.
Qa5 Qe7 22. Rd2 c5 23. Rhd1 Be6 24. Rd6 Rc8 25. Qxa7 Rxh2 26. Bf1 Kf8 27. Qa5
Rf2 28. R6d3 Rxf1 29. Rxf1 Bxc4 30. Rfd1 Bxd3+ 31. Rxd3 Qe6 32. Rd5 b6 33. Qd2
Kg7 34. Qc3 Re8 35. a3 Qf6 36. Qd3 Re6 37. Ka1 Qf4 38. Qc3 Rf6 39. Rd3 Rc6 40.
Ka2 Qf6 41. Rd5 Qf4 42. a4 Rf6 43. a5 bxa5 44. Qxc5 Re6 45. Rd8 Kf6 46. Qf8 Kg5
47. Rd7 Qxf3 48. Rxf7 Qxe4 49. Qd8+ Kh6 50. Qh8+ Kg5 51. Qd8+ Kg4 52. Qd1+ Kg5
53. Qg1+ Kh6 54. Qh2+ Kg5 55. Qg3+ Kh6 56. Qh2+ Kg5 57. Qd2+ Kg4 58. Qd1+ Kg5
59. Qc1+ Kg4 60. Qg1+ 1-0

[Event "Olomouc Chess Summer 2013 - Prima Pack "]
[Site "Olomouc"]
[Date "2013.08.02"]
[Round "3.1"]
[White "Biolek, Richard"]
[Black "Kubik, Michael"]
[Result "1/2-1/2"]
[WhiteElo "2437"]
[BlackElo "2154"]
[PlyCount "68"]
[EventDate "2013.??.??"]

1. c4 Nf6 2. Nc3 g6 3. g3 Bg7 4. Bg2 d6 5. d3 c5 6. e4 O-O 7. f4 Nc6 8. Nf3 Ne8
9. O-O Nc7 10. Be3 Ne6 11. f5 Ned4 12. Nh4 e6 13. fxe6 fxe6 14. Qd2 Bd7 15.
Rxf8+ Qxf8 16. Rf1 Qe8 17. Bh3 Rb8 18. Nf3 Nxf3+ 19. Rxf3 a6 20. Ne2 b5 21. b3
Ne5 22. Rf1 bxc4 23. dxc4 Rb6 24. Nf4 Qe7 25. Qa5 Rb8 26. Qxa6 g5 27. Qa7 Re8
28. Nh5 Bh8 29. Qc7 h6 30. Qb7 Rf8 31. Rxf8+ Qxf8 32. Qxd7 Nxd7 33. Bxe6+ Kh7
34. Bf5+ Kg8 1/2-1/2

[Event "Olomouc Chess Summer 2013 - Prima Pack "]
[Site "Olomouc"]
[Date "2013.08.02"]
[Round "3.2"]
[White "Tokmachev, Mikhail"]
[Black "Dobes, Vojtech"]
[Result "1-0"]
[WhiteElo "2356"]
[BlackElo "2106"]
[PlyCount "79"]
[EventDate "2013.??.??"]

1. d4 Nf6 2. Nf3 e6 3. e3 c5 4. Bd3 Nc6 5. O-O b6 6. c3 Bb7 7. Nbd2 Be7 8. Qe2
Qc7 9. a3 Nd5 10. Nc4 f5 11. Nce5 Nxe5 12. Nxe5 O-O 13. e4 fxe4 14. Qxe4 Nf6
15. Qh4 c4 16. Nxc4 Ba6 17. Qg3 Qxg3 18. hxg3 d5 19. Ne5 Bxd3 20. Nxd3 Bd6 21.
Bf4 Bxf4 22. Nxf4 Kf7 23. Rfe1 Rfe8 24. f3 Rac8 25. Re3 g5 26. Nd3 Nd7 27. g4
h6 28. Rae1 Kf6 29. Kf2 Re7 30. Nb4 Rce8 31. Nc6 Rf7 32. Nxa7 Nf8 33. Nc6 Ng6
34. Ne5 Nxe5 35. Rxe5 Rd7 36. g3 Rd6 37. f4 Rg8 38. Kf3 Rg7 39. Rh1 Kg6 40.
Rxe6+ 1-0

[Event "Olomouc Chess Summer 2013 - Prima Pack "]
[Site "Olomouc"]
[Date "2013.08.02"]
[Round "3.4"]
[White "Wiley, Tom E"]
[Black "Efroimski, Marsel"]
[Result "0-1"]
[WhiteElo "2256"]
[BlackElo "2297"]
[PlyCount "86"]
[EventDate "2013.??.??"]

1. d4 e6 2. c4 b6 3. e4 Bb7 4. Bd3 f5 5. exf5 Qh4 6. Nf3 Qg4 7. O-O Bxf3 8.
Qxf3 Qxf3 9. gxf3 exf5 10. Bf4 Nc6 11. d5 Nd4 12. Re1+ Kf7 13. Kg2 g5 14. Be5
Bg7 15. Bxg7 Kxg7 16. Nc3 Nf6 17. Rad1 Rhe8 18. Rxe8 Rxe8 19. Bb1 Ne2 20. Nb5
Nf4+ 21. Kf1 g4 22. Nd4 gxf3 23. Nxf3 Re2 24. Rd2 Rxd2 25. Nxd2 Kg6 26. Nf3 Ng4
27. Nd4 Kf6 28. h4 Ne5 29. b3 a6 30. Nxf5 Nf3 31. Bc2 h5 32. Ng3 Nxh4 33. Bd1
Kg5 34. Ne4+ Kf5 35. Ng3+ Kg6 36. b4 Kh6 37. a3 Nhg6 38. d6 c6 39. Nf5+ Kg5 40.
Nd4 Ne5 41. c5 bxc5 42. bxc5 Ned3 43. Nb3 Ne6 0-1

[Event "Olomouc Chess Summer 2013 - Open Olomou"]
[Site "Olomouc"]
[Date "2013.08.02"]
[Round "2.1"]
[White "Plat, Vojtech"]
[Black "Dvorak, Martin"]
[Result "1-0"]
[WhiteElo "2470"]
[BlackElo "2180"]
[PlyCount "53"]
[EventDate "2013.??.??"]

1. d4 d5 2. Nf3 c6 3. c4 Nf6 4. Nc3 e6 5. Bg5 dxc4 6. e4 b5 7. e5 h6 8. Bh4 g5
9. Nxg5 hxg5 10. Bxg5 Nbd7 11. g3 Rg8 12. h4 Rxg5 13. hxg5 Nd5 14. g6 fxg6 15.
Qg4 Qa5 16. Qxe6+ Kd8 17. Rc1 b4 18. Nxd5 Qxd5 19. Qxd5 cxd5 20. Rh8 Ke8 21. b3
Nb6 22. bxc4 dxc4 23. Rxc4 Nxc4 24. Bxc4 Bf5 25. Rh7 g5 26. Bb5+ Kd8 27. Rf7
1-0

[Event "Olomouc Chess Summer 2013 - Open Olomou"]
[Site "Olomouc"]
[Date "2013.08.02"]
[Round "2.2"]
[White "Zakharchenko, Arnold"]
[Black "Johansson, Jan"]
[Result "0-1"]
[WhiteElo "2179"]
[BlackElo "2394"]
[PlyCount "40"]
[EventDate "2013.??.??"]

1. d4 Nf6 2. c4 e6 3. Nf3 c5 4. d5 b5 5. dxe6 fxe6 6. cxb5 Bb7 7. Nc3 d5 8. e3
Nbd7 9. Be2 Bd6 10. O-O O-O 11. a4 Qe7 12. a5 Rad8 13. Qc2 Kh8 14. Bd3 e5 15.
Bf5 e4 16. Bxd7 Rxd7 17. Ne1 Bxh2+ 18. Kxh2 Ng4+ 19. Kg3 Rd6 20. f3 Rh6 0-1

[Event "Olomouc Chess Summer 2013 - Open Olomou"]
[Site "Olomouc"]
[Date "2013.08.02"]
[Round "2.3"]
[White "Kanovsky, David"]
[Black "Mackowiak, Marek"]
[Result "1-0"]
[WhiteElo "2391"]
[BlackElo "2174"]
[PlyCount "81"]
[EventDate "2013.??.??"]

1. e4 e5 2. Nf3 d6 3. d4 exd4 4. Nxd4 g6 5. g3 Bg7 6. Bg2 Ne7 7. Nc3 a6 8. O-O
O-O 9. Re1 Nbc6 10. Nxc6 Nxc6 11. Nd5 Be6 12. c3 Ne5 13. h3 Bxd5 14. Qxd5 Rb8
15. Bf4 Qe8 16. Rad1 Qe6 17. b3 Qxd5 18. Rxd5 Nc6 19. Rd3 Rfe8 20. Rc1 h6 21.
Rd2 Re7 22. Be3 Rbe8 23. Kf1 b6 24. f4 Nb8 25. Bf2 f6 26. b4 Bf8 27. c4 Rd7 28.
Rcd1 Red8 29. h4 Kf7 30. Bf3 d5 31. cxd5 Bxb4 32. Re2 a5 33. e5 Re7 34. d6 cxd6
35. Bxb6 Rc8 36. exd6 Rxe2 37. Bxe2 Ke6 38. Bc7 Nc6 39. Bc4+ Kd7 40. Bb5 g5 41.
Bxc6+ 1-0

[Event "Olomouc Chess Summer 2013 - Open Olomou"]
[Site "Olomouc"]
[Date "2013.08.02"]
[Round "2.4"]
[White "Zavurka, Roman"]
[Black "Sergienko, Sergey"]
[Result "1/2-1/2"]
[WhiteElo "2172"]
[BlackElo "2379"]
[PlyCount "87"]
[EventDate "2013.??.??"]

1. d4 Nf6 2. Nf3 e6 3. e3 b6 4. Bd3 Bb7 5. Nbd2 c5 6. c3 d6 7. O-O Be7 8. Qe2
Nbd7 9. e4 cxd4 10. cxd4 Rc8 11. Re1 Rc7 12. Nf1 O-O 13. Ng3 Qa8 14. Bf4 Rfc8
15. Rac1 Rxc1 16. Rxc1 Rxc1+ 17. Bxc1 Qc8 18. Qc2 Qxc2 19. Bxc2 b5 20. Bd2 Nb6
21. b3 h6 22. Bb4 Kf8 23. Nd2 g6 24. f3 e5 25. d5 Ne8 26. Bd3 a6 27. Kf2 Bd8
28. Ne2 Nd7 29. a4 Bb6+ 30. Ke1 Bc5 31. Ba5 bxa4 32. bxa4 Ke7 33. Nc4 f5 34.
Bd2 f4 35. Na5 Bc8 36. Nc6+ Kf6 37. a5 g5 38. h3 h5 39. Nc3 Nc7 40. Na4 Bb7 41.
Nd8 Bc8 42. Nc6 Bb7 43. Nd8 Bc8 44. Nc6 1/2-1/2

[Event "Olomouc Chess Summer 2013 - Open Olomou"]
[Site "Olomouc"]
[Date "2013.08.02"]
[Round "2.5"]
[White "Pasiev, Rakhim"]
[Black "Kim, Grigoriy"]
[Result "1-0"]
[WhiteElo "2376"]
[BlackElo "2169"]
[PlyCount "101"]
[EventDate "2013.??.??"]

1. c4 e5 2. Nc3 Nf6 3. g3 d5 4. cxd5 Nxd5 5. Bg2 Nb6 6. d3 Be7 7. Nf3 Nc6 8.
O-O O-O 9. a3 Bg4 10. b4 Nd5 11. Nxd5 Qxd5 12. Bb2 Qb5 13. Bc3 a6 14. Rb1 Bxf3
15. Bxf3 Nd4 16. Bg2 Bf6 17. e3 Nf5 18. a4 Qb6 19. b5 a5 20. Qf3 Nd6 21. Rfc1
Rfe8 22. Qe2 Rad8 23. Bb2 Re7 24. Ba3 Qa7 25. Rc2 g6 26. Rbc1 Qb8 27. Qd2 Bg7
28. Qxa5 b6 29. Qc3 Red7 30. Bc6 Re7 31. Qb3 Kh8 32. Bd5 f5 33. Rc6 f4 34. e4
Qc8 35. Rxd6 Rxd6 36. Bxd6 Qh3 37. Qd1 cxd6 38. Rc6 Bh6 39. Rxb6 fxg3 40. Rb8+
Kg7 41. Rg8+ Kf6 42. hxg3 Rc7 43. Bc4 d5 44. exd5 Ra7 45. b6 Rxa4 46. b7 Be3
47. Rf8+ Kg7 48. b8=Q Qxg3+ 49. Kf1 Qh3+ 50. Ke2 Qh5+ 51. Rf3 1-0

[Event "Olomouc Chess Summer 2013 - Open Olomou"]
[Site "Olomouc"]
[Date "2013.08.02"]
[Round "2.6"]
[White "Blahynka, Martin"]
[Black "Schmidt, Raul"]
[Result "1/2-1/2"]
[WhiteElo "2166"]
[BlackElo "2371"]
[PlyCount "97"]
[EventDate "2013.??.??"]

1. e4 c5 2. Nf3 Nc6 3. d4 cxd4 4. Nxd4 Nf6 5. Nc3 e5 6. Ndb5 d6 7. Bg5 a6 8.
Na3 b5 9. Nd5 Be7 10. Bxf6 Bxf6 11. c4 b4 12. Nc2 O-O 13. Qf3 Bg5 14. h4 Bh6
15. g4 f6 16. Qg3 Rb8 17. Rg1 Bf4 18. Nxf4 exf4 19. Qxf4 b3 20. axb3 Rxb3 21.
O-O-O Ne5 22. Nd4 Rb4 23. b3 a5 24. Qd2 Qb6 25. Be2 Ba6 26. Qc3 Rc8 27. Kd2 Nc6
28. Ke1 Nxd4 29. Qxd4 Qxd4 30. Rxd4 Rxb3 31. Rxd6 Rb1+ 32. Rd1 Rxd1+ 33. Kxd1
Bxc4 34. Bxc4+ Rxc4 35. f3 Kf7 36. Kd2 Rc7 37. Ra1 Ra7 38. Kc3 Ke6 39. Kd4 a4
40. Ra3 Kd6 41. g5 h6 42. gxf6 gxf6 43. f4 Ke6 44. Kc4 Ra8 45. Kb5 f5 46. e5
Kd5 47. Rxa4 Rb8+ 48. Ka6 Ra8+ 49. Kb5 1/2-1/2

[Event "Olomouc Chess Summer 2013 - Open Olomou"]
[Site "Olomouc"]
[Date "2013.08.02"]
[Round "2.7"]
[White "Vrana, Jan"]
[Black "Furman, Boris"]
[Result "1/2-1/2"]
[WhiteElo "2356"]
[BlackElo "2164"]
[PlyCount "157"]
[EventDate "2013.??.??"]

1. e4 c5 2. Nf3 Nc6 3. Nc3 d6 4. Bb5 e5 5. O-O g6 6. d3 Bg7 7. Nd5 h6 8. c3
Nge7 9. d4 cxd4 10. cxd4 O-O 11. dxe5 dxe5 12. Be3 Nxd5 13. Qxd5 Be6 14. Qxd8
Rfxd8 15. Bxc6 bxc6 16. Rfc1 a5 17. Rxc6 Bxa2 18. Bb6 Rd7 19. h3 Bb3 20. Rxa5
Rxa5 21. Bxa5 f6 22. Nd2 Ba4 23. Rb6 Rd3 24. b3 Be8 25. Kf1 Kf7 26. Ke2 Rd7 27.
Bb4 Ra7 28. Nc4 Bd7 29. Bc5 Rc7 30. Nd6+ Kg8 31. b4 Bf8 32. Rb8 Kg7 33. Nb7
Bb5+ 34. Ke3 Bxc5+ 35. Nxc5 Bc4 36. h4 h5 37. Rb7 Rxb7 38. Nxb7 Kf8 39. Kd2 Ke7
40. Kc3 Bf1 41. g3 Bg2 42. Nc5 Kd6 43. Kb3 Kc6 44. Ka4 Bf3 45. Ka5 Bg2 46. Ka4
Bf3 47. Kb3 Bg2 48. Kc3 Bf3 49. Kd3 Bg2 50. f4 Bh3 51. fxe5 fxe5 52. Ke3 Bf1
53. Nd3 Kd6 54. Ne1 Kc6 55. Nd3 Kd6 56. Kd2 Bg2 57. Nc5 Kc6 58. Kc3 Bf3 59. Kb3
Be2 60. Ka4 Bf1 61. Ka5 Bc4 62. Na4 Be2 63. Nc3 Bd3 64. b5+ Kc5 65. b6 Kc6 66.
Na4 Bxe4 67. Ka6 Kd6 68. b7 Bxb7+ 69. Kxb7 Kd5 70. Kc7 Ke4 71. Kd6 Kf3 72. Kxe5
Kxg3 73. Nc3 Kxh4 74. Kf4 g5+ 75. Kf3 Kh3 76. Kf2 Kh2 77. Ne4 g4 78. Ng3 h4 79.
Nf1+ 1/2-1/2

[Event "Olomouc Chess Summer 2013 - Open Olomou"]
[Site "Olomouc"]
[Date "2013.08.02"]
[Round "2.9"]
[White "Kireev, Aleksei"]
[Black "Suder, Ryszard"]
[Result "1-0"]
[WhiteElo "2337"]
[BlackElo "2141"]
[PlyCount "59"]
[EventDate "2013.??.??"]

1. e4 d6 2. g3 Nf6 3. Bg2 g6 4. d3 Bg7 5. c3 O-O 6. Nh3 e5 7. O-O d5 8. Nd2
dxe4 9. dxe4 c6 10. f3 Bh6 11. Nc4 Qxd1 12. Rxd1 Bxc1 13. Rdxc1 Nfd7 14. Rd1 f6
15. a4 Nc5 16. a5 Be6 17. Bf1 Nbd7 18. b4 Na6 19. Nd6 b5 20. axb6 axb6 21. Bxa6
Bxh3 22. g4 h5 23. Kf2 hxg4 24. Kg3 Kg7 25. fxg4 Rh8 26. Ne8+ Raxe8 27. Rxd7+
Kf8 28. Bc4 b5 29. Rf7+ Kg8 30. Re7+ 1-0

[Event "Olomouc Chess Summer 2013 - Open Olomou"]
[Site "Olomouc"]
[Date "2013.08.02"]
[Round "2.10"]
[White "Karhanek, Pavel"]
[Black "Tregubov, Andrey"]
[Result "1/2-1/2"]
[WhiteElo "2105"]
[BlackElo "2333"]
[PlyCount "97"]
[EventDate "2013.??.??"]

1. d4 Nf6 2. Bf4 c5 3. e3 Qb6 4. Nc3 cxd4 5. exd4 d5 6. Rb1 Bg4 7. Be2 Bxe2 8.
Ngxe2 e6 9. O-O Be7 10. Qd3 Nbd7 11. Rfe1 O-O 12. a3 Rac8 13. Ng3 Rc4 14. Nce2
Rfc8 15. c3 Bd6 16. Bxd6 Qxd6 17. Nf1 R4c7 18. Nd2 Nb6 19. Qf3 a5 20. Nf4 a4
21. Nd3 Nc4 22. Nxc4 Rxc4 23. Ne5 R4c7 24. Re3 Ne4 25. Qe2 Qa6 26. Re1 Qxe2 27.
R1xe2 Nd6 28. h3 b6 29. Kf1 Re8 30. g4 f6 31. Nd3 Kf7 32. Nb4 Nc4 33. Rd3 g5
34. Rd1 Rcc8 35. Rde1 Rcd8 36. Nd3 Nd6 37. Kg2 h6 38. Nb4 Nc4 39. Nd3 Rd6 40.
f3 e5 41. dxe5 Rde6 42. f4 gxf4 43. Nxf4 Rxe5 44. Rxe5 fxe5 45. Nxd5 Rd8 46.
Re4 b5 47. Nc7 Rd2+ 48. Kg3 Kf6 49. Nxb5 1/2-1/2

[Event "Olomouc Chess Summer 2013 - Open Olomou"]
[Site "Olomouc"]
[Date "2013.08.02"]
[Round "2.13"]
[White "Jasny, Stanislav"]
[Black "Blazeka, Damjan"]
[Result "1-0"]
[WhiteElo "2311"]
[BlackElo "2096"]
[PlyCount "43"]
[EventDate "2013.??.??"]

1. e4 e6 2. d4 d5 3. Nd2 Nf6 4. Bd3 Nc6 5. e5 Nd7 6. c3 Ne7 7. Ne2 Ng6 8. Nf3
Be7 9. g3 c5 10. h4 Qa5 11. O-O b6 12. Bd2 c4 13. Bc2 b5 14. h5 Ngf8 15. h6 g6
16. Bg5 Nb6 17. Bxe7 Kxe7 18. Qd2 Nfd7 19. Qg5+ Ke8 20. Qf4 Ke7 21. Ng5 f5 22.
Qh4 1-0

[Event "Olomouc Chess Summer 2013 - Open Olomou"]
[Site "Olomouc"]
[Date "2013.08.02"]
[Round "2.14"]
[White "Kazakov, Konstantin"]
[Black "Romanov, Sergey"]
[Result "1-0"]
[WhiteElo "2307"]
[BlackElo "2091"]
[PlyCount "85"]
[EventDate "2013.??.??"]

1. e4 e5 2. Nc3 Nf6 3. Bc4 Nc6 4. d3 Bc5 5. f4 d6 6. h3 Na5 7. Bb3 Nxb3 8. axb3
a6 9. Qf3 Bd7 10. Nge2 Bc6 11. Be3 Bxe3 12. Qxe3 Qe7 13. O-O O-O 14. Rae1 Rae8
15. Ng3 Bd7 16. d4 c6 17. Nce2 Bc8 18. Nc1 g6 19. Nd3 Nd7 20. c3 Qh4 21. Qf3
exd4 22. cxd4 Nf6 23. e5 dxe5 24. dxe5 Nd5 25. Ne4 Bf5 26. Nd6 Bxd3 27. Qxd3
Re7 28. f5 Rd8 29. Re4 Qg5 30. h4 Qh5 31. Qg3 Rf8 32. f6 Re6 33. Nxb7 Rfe8 34.
Nd6 Rd8 35. Ree1 Kf8 36. Nb7 Rc8 37. Nc5 Ree8 38. e6 Kg8 39. Nb7 Rxe6 40. Rxe6
fxe6 41. f7+ Kg7 42. Qd6 Rf8 43. Nd8 1-0

[Event "Olomouc Chess Summer 2013 - Open Olomou"]
[Site "Olomouc"]
[Date "2013.08.02"]
[Round "2.15"]
[White "Svancara, Petr"]
[Black "Ageichenko, Gennady"]
[Result "1/2-1/2"]
[WhiteElo "2091"]
[BlackElo "2302"]
[PlyCount "70"]
[EventDate "2013.??.??"]

1. e4 g6 2. d4 Bg7 3. Bc4 d6 4. Nf3 Nf6 5. Qe2 c6 6. Bb3 e5 7. dxe5 dxe5 8. O-O
Nbd7 9. Rd1 Qe7 10. c3 O-O 11. Nbd2 Nc5 12. Bc2 b6 13. b4 Ba6 14. Nc4 Qe6 15.
bxc5 Bxc4 16. Qe1 Rfd8 17. Ba3 Bf8 18. Bb3 Rxd1 19. Qxd1 Nxe4 20. Qe1 Nxc5 21.
Bxc4 Qxc4 22. Bxc5 Qxc5 23. Qxe5 Qxe5 24. Nxe5 Rc8 25. Rd1 Rc7 26. Rd8 Kg7 27.
g4 Be7 28. Ra8 Bf6 29. f4 Bxe5 30. fxe5 Re7 31. Kf2 Rxe5 32. Rxa7 Ra5 33. Rc7
Rxa2+ 34. Kg3 c5 35. Rc6 Ra3 1/2-1/2